Mau Mau and the Kikuyu. (Record no. 832)

MARC details
000 -LEADER
fixed length control field 00761cam a22002771 4500
001 - CONTROL NUMBER
control field 8848389
003 - CONTROL NUMBER IDENTIFIER
control field OSt
005 - DATE AND TIME OF LATEST TRANSACTION
control field 20230608092815.0
008 - FIXED-LENGTH DATA ELEMENTS--GENERAL INFORMATION
fixed length control field 740308s1952 enk 000 0 eng
010 ## - LIBRARY OF CONGRESS CONTROL NUMBER
LC control number 53001186
015 ## - NATIONAL BIBLIOGRAPHY NUMBER
National bibliography number GB52-16743
035 ## - SYSTEM CONTROL NUMBER
System control number (OCoLC)824749
040 ## - CATALOGING SOURCE
Original cataloging agency DLC
Transcribing agency OClW
Modifying agency OCoLC
-- NBrockU
-- Uk
-- DLC
042 ## - AUTHENTICATION CODE
Authentication code premarc
050 00 - LIBRARY OF CONGRESS CALL NUMBER
Classification number DT429
Item number .L4
082 ## - DEWEY DECIMAL CLASSIFICATION NUMBER
Classification number 572.96765
-- 572.96762*
100 1# - MAIN ENTRY--PERSONAL NAME
Personal name Leakey, L. S. B.
Fuller form of name (Louis Seymour Bazett),
Dates associated with a name 1903-1972.
245 10 - TITLE STATEMENT
Title Mau Mau and the Kikuyu.
260 ## - PUBLICATION, DISTRIBUTION, ETC. (IMPRINT)
Place of publication, distribution, etc. London,
Name of publisher, distributor, etc. Methuen
Date of publication, distribution, etc. [1952]
300 ## - PHYSICAL DESCRIPTION
Extent 114 p.
Dimensions 19 cm.
500 ## - GENERAL NOTE
General note Map on lining papers.
610 20 - SUBJECT ADDED ENTRY--CORPORATE NAME
Corporate name or jurisdiction name as entry element Mau Mau.
650 #0 - SUBJECT ADDED ENTRY--TOPICAL TERM
Topical term or geographic name as entry element Kikuyu (African people)
906 ## - LOCAL DATA ELEMENT F, LDF (RLIN)
a 7
b cbc
c oclcrpl
d u
e ncip
f 19
g y-gencatlg
942 ## - ADDED ENTRY ELEMENTS (KOHA)
Source of classification or shelving scheme Dewey Decimal Classification
Koha item type Books
Holdings
Withdrawn status Lost status Source of classification or shelving scheme Damaged status Not for loan Home library Current library Date acquired Total Checkouts Full call number Barcode Date last seen Price effective from Koha item type
    Dewey Decimal Classification     Bunge Tower Library Bunge Tower Library 06/08/2023   572.96765 10001038 06/08/2023 06/08/2023 Books
LIBRARY OPENING HOURS

When the Parliament is sitting: 8.00a.m - 7.00p.m or until the house adjourns
Mondays and Fridays and when the House is on Recess:  8.00a.m - 5.00p.m
Closed on Weekends and Public Holidays

Online Public Access Catalog (OPAC)
Website: http://www.parliament.go.ke
Bunge Library: https://libraryir.parliament.go.ke
Contact: library@parliament.go.ke | Tel no: (254-2)2221291 or 2848000 Ext 5043